<?xml version="1.0" encoding="UTF-8"?>
<record
    xmlns:xsi="http://www.w3.org/2001/XMLSchema-instance"
    xsi:schemaLocation="http://www.loc.gov/MARC21/slim http://www.loc.gov/standards/marcxml/schema/MARC21slim.xsd"
    xmlns="http://www.loc.gov/MARC21/slim">

  <leader>01809nam2a2200289   4500</leader>
  <controlfield tag="001">RU\NLR\BIBL_A\011198737</controlfield>
  <controlfield tag="005">20250625214940.0</controlfield>
  <datafield tag="035" ind1=" " ind2=" ">
    <subfield code="a">(NLR Aleph) 011198737</subfield>
  </datafield>
  <datafield tag="090" ind1=" " ind2=" ">
    <subfield code="a">11908319</subfield>
    <subfield code="c">11908319</subfield>
  </datafield>
  <datafield tag="100" ind1=" " ind2=" ">
    <subfield code="a">20160822d1993    |||y0rusy50      ca</subfield>
  </datafield>
  <datafield tag="101" ind1="0" ind2=" ">
    <subfield code="a">rus</subfield>
  </datafield>
  <datafield tag="102" ind1=" " ind2=" ">
    <subfield code="a">RU</subfield>
  </datafield>
  <datafield tag="105" ind1=" " ind2=" ">
    <subfield code="a">ac  z   000zy</subfield>
  </datafield>
  <datafield tag="200" ind1="0" ind2=" ">
    <subfield code="a">&#x412;&#x44B;&#x43F;. 5</subfield>
    <subfield code="e">&#x43F;&#x43E;&#x441;&#x432;&#x44F;&#x449;&#x435;&#x43D; &#x440;&#x435;&#x43F;&#x440;&#x435;&#x441;&#x441;&#x438;&#x44F;&#x43C; &#x43F;&#x440;&#x43E;&#x442;&#x438;&#x432; &#x440;&#x43E;&#x441;&#x441;&#x438;&#x439;&#x441;&#x43A;&#x438;&#x445; &#x43D;&#x435;&#x43C;&#x446;&#x435;&#x432;</subfield>
    <subfield code="f">&#x441;&#x43E;&#x441;&#x442;.: &#x422;. &#x422;&#x438;&#x433;&#x43E;&#x43D;&#x435;&#x43D;, &#x412;. &#x412;&#x438;&#x434;&#x435;&#x440;&#x442;</subfield>
    <subfield code="g">&#x43F;&#x43E;&#x434;. &#x43E;&#x431;&#x449;. &#x440;&#x435;&#x434;. &#x422;. &#x422;&#x438;&#x433;&#x43E;&#x43D;&#x435;&#x43D;</subfield>
  </datafield>
  <datafield tag="210" ind1=" " ind2=" ">
    <subfield code="a">&#x421;&#x430;&#x43D;&#x43A;&#x442;-&#x41F;&#x435;&#x442;&#x435;&#x440;&#x431;&#x443;&#x440;&#x433;</subfield>
    <subfield code="c">[&#x431;. &#x438;.]</subfield>
    <subfield code="d">1993</subfield>
  </datafield>
  <datafield tag="215" ind1=" " ind2=" ">
    <subfield code="a">194 &#x441;.</subfield>
    <subfield code="c">&#x438;&#x43B;., &#x43F;&#x43E;&#x440;&#x442;&#x440;.</subfield>
  </datafield>
  <datafield tag="327" ind1="1" ind2=" ">
    <subfield code="a">&#x421;&#x43E;&#x434;&#x435;&#x440;&#x436;.: &#x430;&#x432;&#x442;.: &#x430;&#x440;&#x445;&#x438;&#x435;&#x43F;&#x44E; &#x412;&#x43E;&#x43B;&#x43E;&#x433;&#x43E;&#x434;&#x441;&#x43A;&#x438;&#x439; &#x438; &#x412;&#x435;&#x43B;&#x438;&#x43A;&#x43E;&#x443;&#x441;&#x442;&#x44E;&#x436;&#x441;&#x43A;&#x438;&#x439; &#x41C;&#x438;&#x445;&#x430;&#x439;&#x438;&#x43B; (&#x41C;&#x443;&#x434;&#x44C;&#x44E;&#x433;&#x438;&#x43D;), &#x414;.&#x417;&#x435;&#x433;&#x441;&#x435;&#x43B;&#x44C;, &#x41C;. &#x414;&#x430;&#x432;&#x44B;&#x434;&#x43E;&#x432;&#x430;, &#x420;.&#x41B;&#x438;&#x43D;&#x433;&#x435;&#x43D;, &#x412;. &#x412;&#x438;&#x434;&#x435;&#x440;&#x442;, &#x418;. &#x418;&#x43E;&#x433;&#x430;&#x43D;&#x441;&#x43E;&#x43D;, &#x410;. &#x413;&#x430;&#x43A;&#x43A;&#x435;&#x43B;&#x44C; (&#x43C;&#x43B;.), &#x41C;. &#x41D;&#x435;&#x43C;&#x446;&#x43E;&#x432;, &#x410;. &#x42D;&#x43C;&#x430;&#x43D;, &#x412;. &#x422;&#x438;&#x433;&#x43E;&#x43D;&#x435;&#x43D; [&#x438; &#x434;&#x440;.]</subfield>
  </datafield>
  <datafield tag="461" ind1=" " ind2="0">
    <subfield code="1">001rc\348753</subfield>
    <subfield code="1">2001#$a&#x423;&#x420;&#x41E;&#x41A;&#x418; &#x433;&#x43D;&#x435;&#x432;&#x430; &#x438; &#x43B;&#x44E;&#x431;&#x432;&#x438;$e&#x421;&#x431;. &#x440;&#x430;&#x431;&#x43E;&#x442; &#x43E; &#x433;&#x43E;&#x434;&#x430;&#x445; &#x440;&#x435;&#x43F;&#x440;&#x435;&#x441;&#x441;&#x438;&#x439; (&#x441; 20-&#x445; &#x43F;&#x43E; 80-&#x435;)$f&#x421;&#x43E;&#x441;&#x442;. &#x422;. &#x422;&#x438;&#x433;&#x43E;&#x43D;&#x435;&#x43D;$g&#x425;&#x443;&#x434;&#x43E;&#x436;. &#x421;. &#x41B;&#x430;&#x43F;&#x438;&#x446;&#x43A;&#x438;&#x439;$v&#x412;&#x44B;&#x43F;. 5</subfield>
    <subfield code="9">6576727</subfield>
    <subfield code="c">&#x41B;.</subfield>
    <subfield code="d">1990</subfield>
    <subfield code="f">&#x421;&#x43E;&#x441;&#x442;. &#x422;. &#x422;&#x438;&#x433;&#x43E;&#x43D;&#x435;&#x43D;</subfield>
    <subfield code="n">&#x411;. &#x438;.</subfield>
    <subfield code="o">&#x421;&#x431;. &#x440;&#x430;&#x431;&#x43E;&#x442; &#x43E; &#x433;&#x43E;&#x434;&#x430;&#x445; &#x440;&#x435;&#x43F;&#x440;&#x435;&#x441;&#x441;&#x438;&#x439; (&#x441; 20-&#x445; &#x43F;&#x43E; 80-&#x435;)</subfield>
    <subfield code="t">&#x423;&#x420;&#x41E;&#x41A;&#x418; &#x433;&#x43D;&#x435;&#x432;&#x430; &#x438; &#x43B;&#x44E;&#x431;&#x432;&#x438;</subfield>
    <subfield code="v">&#x412;&#x44B;&#x43F;. 5</subfield>
  </datafield>
  <datafield tag="606" ind1="1" ind2=" ">
    <subfield code="a">&#x420;&#x435;&#x43F;&#x440;&#x435;&#x441;&#x441;&#x438;&#x438; &#x43F;&#x43E;&#x43B;&#x438;&#x442;&#x438;&#x447;&#x435;&#x441;&#x43A;&#x438;&#x435;</subfield>
    <subfield code="j">&#x421;&#x431;&#x43E;&#x440;&#x43D;&#x438;&#x43A;&#x438;</subfield>
    <subfield code="y">&#x421;&#x421;&#x421;&#x420;</subfield>
    <subfield code="z">1930 - 1950-&#x44B;&#x435; &#x433;&#x433;.</subfield>
    <subfield code="9">2450076</subfield>
    <subfield code="3">RU\NLR\AUTH\661456794</subfield>
  </datafield>
  <datafield tag="606" ind1="1" ind2=" ">
    <subfield code="a">&#x41D;&#x435;&#x43C;&#x446;&#x44B;</subfield>
    <subfield code="j">&#x421;&#x431;&#x43E;&#x440;&#x43D;&#x438;&#x43A;&#x438;</subfield>
    <subfield code="y">&#x421;&#x421;&#x421;&#x420;</subfield>
    <subfield code="9">2248364</subfield>
    <subfield code="3">RU\NLR\AUTH\661348769</subfield>
  </datafield>
  <datafield tag="686" ind1="1" ind2=" ">
    <subfield code="a">&#x422;3(2)7-3&#x44F;43</subfield>
  </datafield>
  <datafield tag="686" ind1="1" ind2=" ">
    <subfield code="a">&#x422;3(29=&#x41D;)7&#x44F;43</subfield>
  </datafield>
  <datafield tag="852" ind1=" " ind2=" ">
    <subfield code="a">NLR</subfield>
    <subfield code="j">92-8/676</subfield>
  </datafield>
  <datafield tag="942" ind1=" " ind2=" ">
    <subfield code="c">BOOK</subfield>
  </datafield>
  <datafield tag="980" ind1=" " ind2=" ">
    <subfield code="a">NB</subfield>
  </datafield>
  <datafield tag="995" ind1=" " ind2=" ">
    <subfield code="5">2022-01-27</subfield>
    <subfield code="b">NLR01</subfield>
    <subfield code="c">NLR01</subfield>
    <subfield code="e">RF91</subfield>
    <subfield code="f">1-3580028</subfield>
    <subfield code="k">92-8/676(&#x432;&#x44B;&#x43F;.5)</subfield>
    <subfield code="o">0</subfield>
    <subfield code="r">BOOK</subfield>
    <subfield code="s">9286765_</subfield>
  </datafield>
</record>
